书目信息 |
| 题名: |
生态环境保护与监测技术应用
|
|
| 作者: | 吴欢 , 李庚辰 , 许紫娟 著 | |
| 分册: | ||
| 出版信息: | 北京 中国民族文化出版社 2024.05 |
|
| 页数: | 126页 | |
| 开本: | 24cm | |
| 丛书名: | ||
| 单 册: | ||
| 中图分类: | X83 , X171.4 | |
| 科图分类: | ||
| 主题词: | 环境监测--huan jing jian ce--研究 , 生态环境保护--sheng tai huan jing bao hu--研究 | |
| 电子资源: | ||
| ISBN: | 978-7-5122-1870-3 | |
| 000 | 01048nam0 2200289 450 | |
| 001 | 89593 | |
| 005 | 20250814170634.80 | |
| 010 | @a978-7-5122-1870-3@dCNY48.00 | |
| 100 | @a20250714d2024 em y0chiy50 ea | |
| 101 | 0 | @achi |
| 102 | @aCN@b110000 | |
| 105 | @ay a 000yy | |
| 106 | @ar | |
| 200 | 1 | @a生态环境保护与监测技术应用@Asheng tai huan jing bao hu yu jian ce ji shu ying yong@f吴欢, 李庚辰, 许紫娟著 |
| 210 | @a北京@c中国民族文化出版社@d2024.05 | |
| 215 | @a126页@d24cm | |
| 320 | @a有书目 (第125-126页) | |
| 330 | @a本书共四章: 生态环境概述、生态环境的保护、环境监测的实施、生态监测技术。主要内容包括: 生态学基础 ; 生物的多样性 ; 环境与资源 ; 自然资源保护 ; 农业生态保护 ; 城市生态保护等。 | |
| 606 | 0 | @a环境监测@Ahuan jing jian ce@x研究 |
| 606 | 0 | @a生态环境保护@Asheng tai huan jing bao hu@x研究 |
| 690 | @aX83@v5 | |
| 690 | @aX171.4@v5 | |
| 701 | 0 | @a吴欢@Awu huan@4著 |
| 701 | 0 | @a李庚辰@Ali geng chen@4著 |
| 701 | 0 | @a许紫娟@Axu zi juan@4著 |
| 801 | 0 | @aCN@c20250909 |
| 905 | @a河南城建学院图书馆@dX83@eW795@f1 | |
| 生态环境保护与监测技术应用/吴欢, 李庚辰, 许紫娟著.-北京:中国民族文化出版社,2024.05 |
| 126页;24cm |
| ISBN 978-7-5122-1870-3:CNY48.00 |
| 本书共四章: 生态环境概述、生态环境的保护、环境监测的实施、生态监测技术。主要内容包括: 生态学基础 ; 生物的多样性 ; 环境与资源 ; 自然资源保护 ; 农业生态保护 ; 城市生态保护等。 |
| ● |
| 相关链接 |
|
|
|
正题名:生态环境保护与监测技术应用
索取号:X83/W795
 
预约/预借
| 序号 | 登录号 | 条形码 | 馆藏地/架位号 | 状态 | 备注 |
| 1 | 1623555 | 216235553 | 自科库501/501自科库 115排1列2层/ [索取号:X83/W795] | 在馆 |